Statistics for Golf Champions Quiz

Click here to take the quiz!

General Stats

  • This quiz has been taken 71,796 times
    (6,225 since last reset)
  • The average score is 50 of 152

Answer Stats

#Golfer% Correct
15Tiger Woods
98%
4Rory McIlroy
81%
18Jack Nicklaus
80%
6Phil Mickelson
78%
2Dustin Johnson
76%
2Zach Johnson
73%
2Jon Rahm
72%
7Arnold Palmer
71%
3Jordan Spieth
71%
1Cameron Smith
70%
5Brooks Koepka
69%
2Justin Thomas
68%
2Bubba Watson
65%
1Scottie Scheffler
65%
8Tom Watson
64%
1Sergio Garcia
59%
1Wyndham Clark
58%
9Gary Player
57%
2Collin Morikawa
56%
1Darren Clarke
56%
1Hideki Matsuyama
54%
3Vijay Singh
54%
1Adam Scott
53%
1Bryson DeChambeau
53%
4Ernie Els
52%
1Brian Harman
51%
6Nick Faldo
51%
2Greg Norman
49%
1Justin Rose
49%
5Seve Ballesteros
49%
2John Daly
48%
1Patrick Reed
48%
1Jason Day
47%
1Matt Fitzpatrick
47%
6Ben Hogan
46%
1Steve Jones
46%
1Shane Lowry
44%
1Danny Willett
42%
3Sam Snead
42%
2Ángel Cabrera
40%
2Bernhard Langer
40%
1Henrik Stenson
40%
6Lee Trevino
40%
3Pádraig Harrington
40%
1Fred Couples
39%
1Francesco Molinari
38%
2José María Olazábal
38%
1Louis Oosthuizen
37%
2Martin Kaymer
35%
3Payne Stewart
35%
1Charl Schwartzel
34%
1Gary Woodland
34%
1Ian Woosnam
34%
1Mike Weir
34%
2Sandy Lyle
34%
1Davis Love III
33%
1Jim Furyk
33%
1David Duval
31%
1Graeme McDowell
31%
1Jimmy Walker
31%
1Keegan Bradley
31%
2Mark O'Meara
31%
5Peter Thomson
31%
1Scott Simpson
31%
1Stewart Cink
31%
1Trevor Immelman
31%
1Webb Simpson
31%
2Fuzzy Zoeller
30%
3Nick Price
30%
2Ben Crenshaw
29%
2Retief Goosen
29%
2Hubert Green
28%
1Jason Dufner
28%
2Johnny Miller
28%
3Larry Nelson
27%
1Lucas Glover
27%
1Tom Kite
27%
1Yang Yong-eun
27%
1Ben Curtis
26%
1Larry Mize
26%
1Michael Campbell
26%
1Shaun Micheel
26%
2Curtis Strange
25%
1Geoff Ogilvy
25%
1Justin Leonard
25%
1Paul Azinger
25%
1Paul Lawrie
25%
4Raymond Floyd
25%
1Craig Stadler
24%
3Hale Irwin
24%
1Mark Brooks
24%
1Mark Calcavecchia
24%
1Rich Beem
24%
1Todd Hamilton
24%
2Tony Jacklin
24%
1Corey Pavin
23%
1David Toms
23%
1Ian Baker-Finch
23%
1Tom Lehman
22%
2Andy North
21%
1Bill Rogers
21%
3Billy Casper
21%
2David Graham
21%
1Lou Graham
21%
1Bobby Nichols
20%
1Bob Charles
20%
2Doug Ford
20%
2Lee Janzen
20%
1Steve Elkington
20%
1Tom Weiskopf
20%
1Art Wall, Jr.
19%
3Bobby Locke
19%
1Hal Sutton
19%
1Wayne Grady
19%
1Bob Tway
18%
1Charles Coody
18%
2Jack Burke, Jr.
18%
1Jerry Pate
18%
1Lanny Wadkins
18%
1Roberto DeVicenzo
18%
1Tommy Aaron
18%
2Cary Middlecoff
17%
2Dave Stockton
17%
1Gay Brewer
17%
1George Archer
17%
1Jeff Sluman
17%
1Jimmy Demaret
17%
1Ken Venturi
17%
1Tony Lema
17%
1Bob Goalby
16%
1Don January
16%
3Julius Boros
16%
1Kel Nagle
16%
1Orville Moody
16%
1Al Geiberger
15%
1Chandler Harper
15%
1Dave Marr
15%
1Gene Littler
15%
1Jay Hebert
15%
1Jerry Barber
15%
1John Mahaffey
15%
1Lionel Hebert
15%
1Max Faulkner
15%
1Tommy Bolt
15%
1Bob Rosburg
14%
1Chick Harbert
14%
1Dow Finsterwald
14%
1Ed Furgol
14%
1Jack Fleck
14%
1Walter Burkemo
14%
1Dick Mayer
13%
1Jim Turnesa
13%

Score Distribution

Percentile by Number Answered

Percent of People with Each Score

Your Score History

You have not taken this quiz since the last reset